Perl in a nutshell : a desktop quick reference / (Record no. 61942)

000 -LEADER
fixed length control field 01472cam a22003375a 4500
001 - CONTROL NUMBER
control field 17125468
003 - CONTROL NUMBER IDENTIFIER
control field NUST-PNEC
005 - DATE AND TIME OF LATEST TRANSACTION
control field 20170116180735.0
008 - FIXED-LENGTH DATA ELEMENTS--GENERAL INFORMATION
fixed length control field 120118s1999 cc 001 0 eng
010 ## - LIBRARY OF CONGRESS CONTROL NUMBER
LC control number 2011499954
020 ## - INTERNATIONAL STANDARD BOOK NUMBER
International Standard Book Number 1565922867
020 ## - INTERNATIONAL STANDARD BOOK NUMBER
International Standard Book Number 9781565922860
020 ## - INTERNATIONAL STANDARD BOOK NUMBER
International Standard Book Number 8173660735
040 ## - CATALOGING SOURCE
Original cataloging agency DLC
Transcribing agency PNEC
042 ## - AUTHENTICATION CODE
Authentication code pcc
082 ## - DEWEY DECIMAL CLASSIFICATION NUMBER
Classification number 005.133 SIE
100 1# - MAIN ENTRY--PERSONAL NAME
Personal name Siever, Ellen.
245 10 - TITLE STATEMENT
Title Perl in a nutshell : a desktop quick reference /
Statement of responsibility, etc. Ellen Siever, Stephen Spainhour & Nathan Patwardhan.
246 30 - VARYING FORM OF TITLE
Title proper/short title Desktop quick reference
260 ## - PUBLICATION, DISTRIBUTION, ETC.
Place of publication, distribution, etc. Beijing ;
-- Cambridge :
Name of publisher, distributor, etc. O'Reilly,
Date of publication, distribution, etc. c1999.
300 ## - PHYSICAL DESCRIPTION
Extent xviii, 654 p. ;
Dimensions 23 cm.
500 ## - GENERAL NOTE
General note Includes index.
504 ## - BIBLIOGRAPHY, ETC. NOTE
Bibliography, etc. note Includes index.
505 0# - FORMATTED CONTENTS NOTE
Formatted contents note On disk: Perl in a nutshell / by Ellen Siever, Stephen Spainhour & Nathan Patwardhan -- Programming Perl. 3rd ed. / by Larry Wall, Tom Christiansen & Jon Orwant -- Advanced Perl programming / by Sriram Srinivasan -- Perl cookbook / by Tom Christiansen and Nathan Torkington -- Perl for system administration / by David N. Blank-Edelman.
530 ## - ADDITIONAL PHYSICAL FORM AVAILABLE NOTE
Additional physical form available note Also issued online.
650 #0 - SUBJECT ADDED ENTRY--TOPICAL TERM
Topical term or geographic name entry element Perl (Computer program language)
General subdivision MIS, Computer
856 ## - ELECTRONIC LOCATION AND ACCESS
Uniform Resource Identifier <a href="http://www.amazon.com/Perl-Nutshell-Ellen-Siever/dp/1565922867/ref=sr_1_1?s=books&ie=UTF8&qid=1416755223&sr=1-1&keywords=1565922867">http://www.amazon.com/Perl-Nutshell-Ellen-Siever/dp/1565922867/ref=sr_1_1?s=books&ie=UTF8&qid=1416755223&sr=1-1&keywords=1565922867</a>
906 ## - LOCAL DATA ELEMENT F, LDF (RLIN)
a 0
b ibc
c origres
d 2
e ncip
f 20
g y-gencatlg
942 ## - ADDED ENTRY ELEMENTS (KOHA)
Source of classification or shelving scheme
Koha item type Book
Holdings
Withdrawn status Lost status Source of classification or shelving scheme Damaged status Not for loan Permanent Location Current Location Shelving location Date acquired Source of acquisition Cost, normal purchase price Total Checkouts Full call number Barcode Date last seen Cost, replacement price Price effective from Koha item type
          Pakistan Navy Engineering College (PNEC) Pakistan Navy Engineering College (PNEC)   09/12/2000 NUST PC-1 528.00   005.133 SIE PNECLIB-022705 11/23/2014 528.00 09/12/2000 Book
© 2023 Central Library, National University of Sciences and Technology. All Rights Reserved.